000 00820nmm a2200277 a 4500
001 ocm000577164
003 TR-IsHL
005 20201028122554.0
008 131028s2012 tu tur
007 cr cn
020 _a9789758839841
035 _a577164
_b(N$T)
050 0 4 _aDS272
_b.K37 2012
090 0 4 _aDS272
_b.K37 2012
100 1 _aKaradeniz, Yılmaz
245 1 0 _aİran tarihi (1700-1925)
_h[electronic resource] /
_cYılmaz Karadeniz
250 _a1. bs.
260 _aİstanbul :
_bSelenge Yayınları,
_c2012
300 _a576 p.
650 4 _aTarih
650 4 _aHistory
650 0 _aİran
_x Tarih
650 0 _aIran
_x History
650 7 _aHISTORY / Middle East / Iran
_2bisacsh
856 4 0 _uhttp://search.ebscohost.com/login.aspx?direct=true&scope=site&db=e011xww&AN=577164
999 _c1939
_d1939